Seattle Seahawks: Top 10 All-Time Leaders - Statistics

General Stats
  • This quiz has been taken 103 times
  • The average score is 25 of 60
Answer Stats
Category # Player Amount % Correct
Passing Yards 1 Russell Wilson 37,059
100%
Rushing Yards 5 Russell Wilson 4,689
100%
Rushing Yards 4 Marshawn Lynch 6,381
94%
Interceptions T4 Richard Sherman 32
94%
Tackles 2 Bobby Wagner 915
90%
Receiving Yards 1 Steve Largent 13,089
90%
Passing Yards 5 Geno Smith 12,961
89%
Passing Yards 2 Matt Hasselbeck 29,434
89%
Receiving Yards 6 DK Metcalf 6,324
88%
Receiving Yards 2 Tyler Lockett 8,594
88%
Rushing Yards 9 Sherman Smith 3,429
87%
Rushing Yards 1 Shaun Alexander 9,429
85%
Tackles 10 Earl Thomas 465
84%
Interceptions 6 Earl Thomas 28
84%
Receiving Yards 4 Doug Baldwin 6,563
78%
Rushing Yards 8 Chris Carson 3,502
60%
Rushing Yards 10 Kenneth Walker III 2,653
55%
Sacks 7 Michael Bennett 39.0
54%
Tackles 4 K.J. Wright 593
52%
Passing Yards 4 Jim Zorn 20,122
49%
Passing Yards 3 Dave Krieg 26,132
46%
Interceptions T8 Darryl Williams 20
45%
Rushing Yards 6 John Williams 4,579
45%
Receiving Yards 9 John Williams 4,151
45%
Receiving Yards 5 Darrell Jackson 6,445
43%
Passing Yards 10 Tarvaris Jackson 3,279
41%
Tackles 6 Cortez Kennedy 569
40%
Sacks 4 Cortez Kennedy 58.0
40%
Tackles 5 Chad Brown 574
38%
Sacks 5 Chad Brown 48.0
38%
Interceptions 1 Dave Brown 50
38%
Passing Yards 8 Warren Moon 5,310
37%
Rushing Yards 3 Curt Warner 6,705
35%
Interceptions T4 Kenny Easley 32
34%
Rushing Yards 2 Chris Warren 6,706
28%
Passing Yards 6 Rick Mirer 9,094
24%
Receiving Yards 8 Joey Galloway 4,457
23%
Receiving Yards 3 Brian Blades 7,620
22%
Passing Yards 7 Jon Kitna 7,552
20%
Sacks 1 Jacob Green 115.5
18%
Passing Yards 9 Seneca Wallace 3,547
18%
Sacks 10 Frank Clark 35.0
15%
Sacks 3 Jeff Bryant 63.0
15%
Tackles 7 Marcus Trufant 565
15%
Interceptions 7 Marcus Trufant 21
15%
Rushing Yards 7 Ricky Watters 4,009
15%
Tackles 1 Eugene Robinson 942
13%
Interceptions 2 Eugene Robinson 42
13%
Receiving Yards 10 Koren Robinson 3,567
12%
Interceptions 3 John Harris 41
11%
Receiving Yards 7 Bobby Engram 4,859
10%
Sacks 8 Chris Clemons 38.0
10%
Tackles 3 Joe Nash 743
9%
Sacks 6 Joe Nash 47.5
9%
Sacks 2 Michael Sinclair 73.5
9%
Sacks 9 Rufus Porter 37.5
7%
Interceptions 10 Keith Simpson 19
6%
Interceptions T8 Shawn Springs 20
6%
Tackles 9 Tony Woods 543
4%
Tackles 8 Terry Wooden 557
2%
No matching quizzes found
Score Distribution
Percent of People with Each Score
Percentile by Number Answered
Your Score History
You have not taken this quiz